banner-ar

قياس الهوية : (Record no. 63362)

MARC details
000 -الفاتح
حقل البيانات ثابتة الطول 01261nam a22002777a 4500
005 - وقت وتاريخ اخر تعامل مع التسجيلة
رقم الضبط 20240530110636.0
008 - عناصر البيانات ثابتة الطول - معلومات عامة
حقل البيانات ثابتة الطول 170925s2014 ts a g b 000 0 ara d
020 ## - الرقم الدولى المعيارى للكتب
الرقم الدولى المعيارى للكتاب 9789948148395
040 ## - مصدر الفهرسة
وكالة الفهرسة الأصلية EG-CaGPL
وكالة النسخ EG-CaGPL
082 04 - رقم تصنيف ديوى العشرى
رقم الطبعة 21
رقم التصنيف 300 /
رقم المادة ر ق
245 00 - بيان العنوان
العنوان قياس الهوية :
بقية العنوان دليل للمتخصصين فى العلوم الاجتماعية /
بيان المسئوليه,etc تحرير راوى عبدالعال ، يوشيكو هيريرا ، الاستير ايان جونستون
250 ## - بيان الطبعة
بيان الطبعة ط. 1
260 ## - PUBLICATION, DISTRIBUTION, ETC. (IMPRINT)
تاريخ النشر أو التوزيع 2014.
300 ## - الوصف المادى
التعداد 585 ص. :
تفاصيل ماديه اخرى للوعاء جداول ؛
أبعاد الوعاء 24 سم.
490 0# - بيان السلسلة
عنوان السلسلة دراسات مترجمة ؛
رقم المجلد/ التعيين التسلسلي 65
504 ## - تبصرة ببليوجرافية
تبصرة ببليوجرافية,الخ يشتمل على ارجاعات ببليوجرافية
650 07 - المدخل الاضافى بالموضوع-مصطلح موضوعى
مصدر الرأس أو المصطلح qrmak
مصطلح موضوعي العلوم الاجتماعية
650 07 - المدخل الاضافى بالموضوع-مصطلح موضوعى
مصدر الرأس أو المصطلح qrmak
مصطلح موضوعي التغير الاجتماعى
650 07 - المدخل الاضافى بالموضوع-مصطلح موضوعى
مصدر الرأس أو المصطلح qrmak
مصطلح موضوعي الخدمة الاجتماعية
650 07 - المدخل الاضافى بالموضوع-مصطلح موضوعى
مصدر الرأس أو المصطلح qrmak
مصطلح موضوعي الدراسات الاجتماعية
700 0# - المدخل الاضافى - اسم شخصى
الإسم الشخصى راوى عبدالعال
الدور محرر
700 1# - المدخل الاضافى - اسم شخصى
الإسم الشخصى هيريرا، يوشيكو
الدور محرر مساعد
700 1# - المدخل الاضافى - اسم شخصى
الإسم الشخصى جونستون، الاستير ايان
الدور محرر مساعد
942 ## - عناصر المدخل الإضافي( كوها)
مصدر التصنيف او مخطط الترفيف Dewey Decimal Classification
Koha [default] item type كتاب
260 ## - PUBLICATION, DISTRIBUTION, ETC. (IMPRINT)
-- ابوظبى :
-- مركز الامارات للدراسات و البحوث الاستراتيجية ،
Holdings
حالة التراجع حالة الفقد حالة تلف ليس للاعارة المكان المؤقت الموقع الحالى موقع الترفيف تاريخ الاكتساب اجمالي اﻻعارات رقم الطلب الباركود تاريخ اخر مشاهدة تاريخ تفعيل السعر نوع وعاء كوها
        مكتبة القاهرة الكبرى مكتبة القاهرة الكبرى القاعة الرئيسية 09/25/2017   300 / ر ق 163350 09/25/2017 09/25/2017 كتاب

Powered By

EGPV